Contactos sin límite: forme una red con sus contactos de cada día y conviértalos en ventas

保存先:
書誌詳細
第一著者: Burg, Bob (著者)
フォーマット: 図書
言語:スペイン語
出版事項: Cuernavaca McGraw-Hill 1995
版:1a. ed
主題:
タグ: タグ追加
タグなし, このレコードへの初めてのタグを付けませんか!

MARC

LEADER 00000cam a2200000 a 4500
001 UCD8996
003 CL-VaPUC
008 170602e19950000mx |||||||||||||||||spa|d
020 |a 9701006852 
082 0 4 |a 658.85  |b BUR  |2 21 
100 0 |a Burg, Bob  |e author  |9 592642 
245 1 0 |a Contactos sin límite: forme una red con sus contactos de cada día y conviértalos en ventas 
250 |a 1a. ed 
300 |a 183 p 
942 |c BK 
945 |d 20170602 23:29:00  |a dcastane 
260 |a Cuernavaca  |b McGraw-Hill  |c 1995 
650 0 |a Ventas  |9 259323 
650 0 |a Redes sociales   |9 327959 
583 |a last modification  |c 20170602 23:29:00  |k Rodrigo Vera 
999 |c 368301  |d 368299